000 00595cam a2200181 i 4500
003 OSt
005 20260504081344.0
008 760811s1976 ilu b 001 0 eng
020 _a07448
040 _cIRDP
082 0 0 _a307 NAT
245 0 0 _aIssues in secondary education:
_bthe seventy-fifty yearbook of the national society for the study of education
260 _aChicago:
_bNSSE : distributed by the University of Chicago Press,
_c1976.
300 _axiii, 350 p. ;
_c24 cm.
504 _aIncludes bibliographical references and index.
700 1 _aVan Til, William.
942 _2ddc
_cBOOKS
999 _c9547
_d9547